000 01527nam0a2200361 4500
001 RU\NLR\bibl\70601
005 20250616095227.0
021 _aRU
_b1999-34092
_91674
035 _a(NLR Aleph) 000068880
090 _a378891
_c378891
100 _a20000216d1999 |||y0rusy50 ca
101 0 _arus
102 _aRU
105 _aa |||||||||
200 1 _aКомплекс программ на ПЭВМ для освоения нефтегазовых регионов
_fВ.Р. Хачатуров, А.В. Злотов, В.Н. Бобылев и др.
_g[Отв. ред. к.ф.-м.н. И.А. Крылов ]
_gРос. акад. наук. ВЦ
210 _aМ.
_cВЦ РАН
_d1999
215 _a35 с.
_cил.
_d20
225 1 _aСообщения по прикладной математике
320 _aБиблиогр.: с. 35 (10 назв.)
606 0 _aНефть
_xДобыча
_xПроектирование
_xАвтоматизация
_91132146
_3RU\NLR\auth\66130605
606 0 _aЕстественные газы
_xДобыча
_xПроектирование
_xАвтоматизация
_92158296
_3RU\NLR\auth\661299114
686 _aИ361-642
686 _aИ362-642
701 1 _aХачатуров
_bВ. Р.
_4070
701 1 _aЗлотов
_bА. В.
_4070
701 1 _aБобылев
_bВ. Н.
_4070
702 1 _aКрылов
_bИ. А.
_4340
801 0 _aRU
_bNLR
_c20000216
_gPSBO
801 1 _aRU
_bNLR
_c20000216
852 _aNLR
_j99-4/10542
942 _cBOOK
980 _aNB